| 000 | 00586nam a2200193Ia 4500 | ||
|---|---|---|---|
| 003 | IN-BaIIA | ||
| 008 | 211028s9999 xx 000 0 eng d | ||
| 020 | _a0-387-94933-X | ||
| 040 | _cIIA Library | ||
| 080 |
_a51 _bDES |
||
| 100 |
_ade Souza, Paulo Ney _925443 |
||
| 245 | 0 |
_aBerkeley problems in mathematics _cPaulo Ney de Souza and Jorge-Nuno Silva |
|
| 260 |
_aNew York _bSpringer-Verlag _c1998 |
||
| 300 | _axiv, 443p. | ||
| 490 | _aProblem books in mathematics | ||
| 650 |
_aMathematics-examination, question, etc _925444 |
||
| 700 |
_aSilva, Jorge-Nuno _925445 |
||
| 942 | _cBK | ||
| 999 |
_c14367 _d14367 |
||